[Event "Bünde- Düsseldorf 2"]
[Site "?"]
[Date "2023.10.29"]
[Round "3.8"]
[White "Hagemeier, Ulrich"]
[Black "Berndt, Axel"]
[Result "0-1"]
[WhiteElo "1947"]
[BlackElo "2142"]
[PlyCount "102"]
[EventDate "2023.??.??"]
[SourceVersionDate "2023.09.04"]

1. d4 Nf6 2. c4 c5 3. Nf3 cxd4 4. Nxd4 e5 5. Nc2 d5 6. cxd5 Qxd5 7. Qxd5 Nxd5 8. a3 Bf5 9. Ne3 Nxe3 10. Bxe3 Nc6 11. Nc3 O-O-O 12. g3 Nd4 13. Bxd4 exd4 14. Nd1 Bd6 15. Kd2 Kb8 16. Bg2 Rhe8 17. Rc1 Re5 18. Rc4 Bc7 19. f4 Rb5 20. Bf3 Be6 21. Rc1 Rb3 22. Be4 Rc8 23. Rc2 Rb6 24. Nf2 Bb3 25. Rcc1 Re6 26. f5 Re5 27. Kd3 g6 28. g4 Rce8 29. Rhf1 Ba4 30. fxg6 fxg6 31. b4 Bb5+ 32. Kd2 Rxe4 33. Nxe4 Rxe4 34. Rf8+ Re8 35. Rxe8+ Bxe8 36. Kd3 Bb5+ 37. Kxd4 Bxe2 38. h3 Bb5 39. Re1 Bb6+ 40. Ke5 Kc7 41. Kf6 Bd4+ 42. Kg5 Bb2 43. Kh6 Bxa3 44. Re4 Bc6 45. Rc4 Kb6 46. Kxh7 Kb5 47. Rd4 Bxb4 48. Kxg6 a5 49. h4 a4 50. h5 a3 51. h6 Bc3 0-1

[Event "Horst- Emscher- Nienberge"]
[Site "?"]
[Date "2023.10.29"]
[Round "3.1"]
[White "Mikeladze, Berdia"]
[Black "Baerwolf, Steven"]
[Result "1/2-1/2"]
[WhiteElo "2152"]
[BlackElo "2230"]
[PlyCount "102"]
[EventDate "2023.??.??"]
[SourceVersionDate "2023.09.04"]

1. Nf3 d5 2. d4 Nf6 3. Bf4 e6 4. e3 Bd6 5. Bd3 O-O 6. O-O c5 7. Bxd6 Qxd6 8. dxc5 Qxc5 9. Nbd2 Nc6 10. e4 dxe4 11. Nxe4 Nxe4 12. Bxe4 Rd8 13. Qe2 Bd7 14. Rfd1 Be8 15. c3 Qe7 16. h4 Rxd1+ 17. Rxd1 Rd8 18. b4 a6 19. a4 Rxd1+ 20. Qxd1 Qc7 21. Qd2 Ne7 22. a5 Bc6 23. Bxc6 Nxc6 24. Qd3 h6 25. g3 Ne5 26. Nxe5 Qxe5 27. Kg2 g6 28. c4 Qc7 29. Kg1 Kf8 30. Qd4 Ke7 31. Qa7 Kd6 32. Qa8 h5 33. Qf8+ Ke5 34. Qg7+ Kd6 35. Qd4+ Ke7 36. Kf1 Qc6 37. Ke2 Ke8 38. Ke3 Ke7 39. Qa7 Kd6 40. Qa8 Ke7 41. Qb8 Qxc4 42. Qxb7+ Kd6 43. Qxf7 Qc3+ 44. Ke2 Qc4+ 45. Kf3 Qd5+ 46. Ke3 Qe5+ 47. Kd3 Qd5+ 48. Kc3 Qe5+ 49. Kc2 Qe4+ 50. Kd1 Qb1+ 51. Ke2 Qe4+ 1/2-1/2

[Event "Horst- Emscher- Nienberge"]
[Site "?"]
[Date "2023.10.29"]
[Round "3.2"]
[White "Rebentisch, Tom"]
[Black "Remmeke, Hans"]
[Result "1-0"]
[WhiteElo "2155"]
[BlackElo "2109"]
[PlyCount "73"]
[EventDate "2023.??.??"]
[SourceVersionDate "2023.09.04"]

1. e4 d5 2. exd5 Qxd5 3. Nc3 Qa5 4. d4 c6 5. Nf3 Bf5 6. Bc4 Nd7 7. O-O e6 8. Re1 Be7 9. Ne5 Ngf6 10. Bb3 Nxe5 11. dxe5 Nd7 12. Qe2 g5 13. Bd2 Qc7 14. Ne4 Bxe4 15. Qxe4 O-O-O 16. Bc3 Nf8 17. a4 Ng6 18. Bc4 Nf4 19. a5 h6 20. a6 b6 21. Bf1 Kd7 22. Rad1+ Ke8 23. Rxd8+ Bxd8 24. Rd1 Nd5 25. Be1 Be7 26. g3 b5 27. c4 bxc4 28. Bxc4 Qb6 29. b3 Bc5 30. Kg2 Kf8 31. Rb1 Kg7 32. b4 Bd4 33. b5 Rd8 34. Bd3 Kf8 35. Kg1 c5 36. Qh7 Bxe5 37. Qxh6+ 1-0

[Event "Horst- Emscher- Nienberge"]
[Site "?"]
[Date "2023.10.29"]
[Round "3.3"]
[White "Gottkehaskamp, Philipp"]
[Black "Kroeger, Fabian"]
[Result "0-1"]
[WhiteElo "2030"]
[BlackElo "2188"]
[PlyCount "54"]
[EventDate "2023.??.??"]
[SourceVersionDate "2023.09.04"]

1. e4 c5 2. Nf3 d6 3. g3 Nf6 4. d3 g6 5. Bg2 Bg7 6. O-O O-O 7. Re1 Nc6 8. c3 e5 9. a4 Re8 10. Na3 Rb8 11. Bg5 h6 12. Bxf6 Bxf6 13. Nc4 Bg7 14. Nfd2 h5 15. Nf1 b6 16. Nfe3 Ne7 17. f4 exf4 18. gxf4 a6 19. f5 b5 20. axb5 axb5 21. fxg6 fxg6 22. Nd2 Nc6 23. Nf3 b4 24. Qc2 Rf8 25. Rf1 Be6 26. Ra6 Ne5 27. Nd2 Qg5 0-1

[Event "Horst- Emscher- Nienberge"]
[Site "?"]
[Date "2023.10.29"]
[Round "3.4"]
[White "Radulovic, Drazen"]
[Black "Ringwelski, Marius"]
[Result "1-0"]
[WhiteElo "2213"]
[BlackElo "1991"]
[PlyCount "53"]
[EventDate "2023.??.??"]
[SourceVersionDate "2023.09.04"]

1. e4 c6 2. d4 d5 3. e5 Bf5 4. h4 h5 5. Bd3 Bxd3 6. Qxd3 e6 7. Bg5 Qa5+ 8. Nd2 c5 9. Ne2 Nc6 10. O-O cxd4 11. Nf3 Be7 12. Nexd4 Bxg5 13. hxg5 g6 14. Nb5 Kf8 15. Nd6 Qc7 16. c4 Nge7 17. c5 Kg7 18. a3 b6 19. Rac1 bxc5 20. Rxc5 Qb6 21. Qc3 d4 22. Nxd4 Nxd4 23. Qxd4 Nf5 24. Qc3 Rhf8 25. Rc6 Qd8 26. f4 Kg8 27. b4 1-0

[Event "Horst- Emscher- Nienberge"]
[Site "?"]
[Date "2023.10.29"]
[Round "3.5"]
[White "Emiroglu, Murat"]
[Black "Weichert, Eddy"]
[Result "1-0"]
[WhiteElo "2176"]
[BlackElo "1990"]
[PlyCount "85"]
[EventDate "2023.??.??"]
[SourceVersionDate "2023.09.04"]

1. e4 e5 2. Nf3 Nc6 3. Nc3 Nf6 4. Bb5 Nd4 5. Bc4 Bc5 6. d3 d6 7. Nxd4 Bxd4 8. Qf3 h6 9. Be3 O-O 10. h3 c6 11. Bxd4 exd4 12. Ne2 Qa5+ 13. Kf1 b5 14. Bb3 Bb7 15. Qg3 c5 16. Qxd6 c4 17. e5 cxb3 18. exf6 bxc2 19. fxg7 Qd2 20. gxf8=Q+ Rxf8 21. Kg1 Qxe2 22. Qxd4 Rc8 23. Kh2 Qe7 24. Qg4+ Kf8 25. Rhe1 Qd6+ 26. Qg3 Qf6 27. Rac1 Qxb2 28. Qe5 Qxe5+ 29. Rxe5 b4 30. Re2 Rc3 31. Rcxc2 Rxd3 32. Rc7 Bd5 33. Rxa7 Be6 34. Rb2 b3 35. axb3 Rxb3 36. Rxb3 Bxb3 37. Kg3 Kg7 38. Kf4 Bc2 39. g4 Bg6 40. Ke5 Bd3 41. f4 Bc4 42. f5 Be2 43. Ra8 1-0

[Event "Horst- Emscher- Nienberge"]
[Site "?"]
[Date "2023.10.29"]
[Round "3.6"]
[White "Goeldenboog, Juergen"]
[Black "Gottkehaskamp, Stefan"]
[Result "1/2-1/2"]
[WhiteElo "1940"]
[BlackElo "2070"]
[PlyCount "40"]
[EventDate "2023.??.??"]
[SourceVersionDate "2023.09.04"]

1. d4 Nf6 2. c4 g6 3. Nc3 Bg7 4. e4 d6 5. f4 O-O 6. Nf3 c5 7. d5 e6 8. Be2 exd5 9. cxd5 a6 10. e5 dxe5 11. fxe5 Ng4 12. Bg5 f6 13. exf6 Bxf6 14. Qd2 Bf5 15. O-O Nd7 16. h3 Nge5 17. Bxf6 Nxf3+ 18. Bxf3 Nxf6 19. Rae1 Qd6 20. Re2 Rae8 1/2-1/2

[Event "Horst- Emscher- Nienberge"]
[Site "?"]
[Date "2023.10.29"]
[Round "3.7"]
[White "Haas, Kai"]
[Black "Arndt, Olaf"]
[Result "1-0"]
[WhiteElo "1980"]
[BlackElo "1882"]
[PlyCount "81"]
[EventDate "2023.??.??"]
[SourceVersionDate "2023.09.04"]

1. d3 d5 2. e4 dxe4 3. Nc3 Bf5 4. dxe4 Qxd1+ 5. Kxd1 Bd7 6. Bf4 c6 7. a4 Bg4+ 8. f3 Be6 9. g3 Nd7 10. Ke1 O-O-O 11. Rd1 g6 12. b3 Bg7 13. Nge2 Ne5 14. Rxd8+ Kxd8 15. Kf2 h5 16. Bg2 Kc8 17. Be3 Kb8 18. Rd1 h4 19. a5 hxg3+ 20. hxg3 Bh3 21. Rd8+ Kc7 22. Rxg8 Rxg8 23. Bxh3 Rh8 24. Bg2 b6 25. Na4 Nd7 26. f4 e5 27. Bf3 b5 28. Nc5 Nxc5 29. Bxc5 Kb7 30. Nc1 exf4 31. gxf4 Bc3 32. b4 Rh2+ 33. Bg2 Be1+ 34. Kf3 Bc3 35. Nd3 Rh5 36. e5 a6 37. Nf2 Bxe5 38. fxe5 Rxe5 39. Nd3 Rf5+ 40. Ke3 Rg5 41. Bf3 1-0

[Event "Horst- Emscher- Nienberge"]
[Site "?"]
[Date "2023.10.29"]
[Round "3.8"]
[White "Renn, Thorsten"]
[Black "Keller, Dirk"]
[Result "1/2-1/2"]
[WhiteElo "1902"]
[BlackElo "1942"]
[PlyCount "28"]
[EventDate "2023.??.??"]
[SourceVersionDate "2023.09.04"]

1. e4 c6 2. d4 d5 3. f3 Qb6 4. Ne2 dxe4 5. fxe4 e5 6. c3 Nf6 7. Qd3 Be6 8. b3 Nbd7 9. Nd2 Rd8 10. Bb2 a5 11. Ng3 exd4 12. cxd4 Ne5 13. Qc2 Neg4 14. h3 Ne3 1/2-1/2

[Event "Düsseldorf II - Werden"]
[Site "?"]
[Date "2023.11.19"]
[Round "4.1"]
[White "Kaufeld, Juergen"]
[Black "Braun, Christian"]
[Result "1-0"]
[WhiteElo "2241"]
[BlackElo "2422"]
[PlyCount "95"]
[EventDate "2023.??.??"]
[SourceVersionDate "2023.09.04"]

1. e4 e6 2. d4 d5 3. Nc3 Nf6 4. Bg5 Be7 5. e5 Nfd7 6. h4 Nc6 7. Nf3 a6 8. Bxe7 Qxe7 9. Qd2 Nb6 10. h5 h6 11. Rh3 Bd7 12. Rg3 Qf8 13. Qf4 O-O-O 14. a3 g5 15. hxg6 fxg6 16. Qxf8 Rdxf8 17. Rxg6 Rxf3 18. gxf3 Nxd4 19. O-O-O Nxf3 20. Bh3 Ng5 21. Rh1 Rf8 22. Rxh6 d4 23. Ne2 c5 24. f4 Nxh3 25. R1xh3 Kc7 26. Rh8 Rf7 27. R3h7 Rf5 28. Rh5 Rf7 29. R8h7 Rxh7 30. Rxh7 Kc6 31. Ng3 Nd5 32. Rf7 Be8 33. Rf8 Bg6 34. f5 exf5 35. Nxf5 Bxf5 36. Rxf5 b6 37. Rh5 c4 38. Rh6+ Kc5 39. Kd2 a5 40. Rd6 a4 41. Rd8 Nf4 42. Ra8 b5 43. Ra6 Kd5 44. Rb6 Kc5 45. e6 c3+ 46. bxc3 dxc3+ 47. Kc1 Nd5 48. Rb7 1-0

[Event "Düsseldorf II - Werden"]
[Site "?"]
[Date "2023.11.19"]
[Round "4.2"]
[White "De Gleria, Francesco"]
[Black "Kauch, Markus"]
[Result "1-0"]
[WhiteElo "2374"]
[BlackElo "2121"]
[PlyCount "59"]
[EventDate "2023.??.??"]
[SourceVersionDate "2023.09.04"]

1. d4 d5 2. Bf4 c5 3. e3 Nc6 4. c3 Qb6 5. Qc2 Nf6 6. Nd2 Nh5 7. dxc5 Qxc5 8. b4 Qb6 9. b5 Nxf4 10. bxc6 Ne6 11. Rb1 Qc7 12. cxb7 Bxb7 13. Ngf3 Nc5 14. c4 e6 15. cxd5 Bxd5 16. Bb5+ Bc6 17. O-O Be7 18. Rfc1 Rc8 19. Bxc6+ Qxc6 20. Rb4 O-O 21. Rc4 Rc7 22. Ne4 Rfc8 23. Nxc5 Bxc5 24. Ng5 f5 25. Qb3 Qd5 26. R4c2 Rc6 27. Qxd5 exd5 28. Nf3 R6c7 29. Nd4 Bb6 30. Rxc7 1-0

[Event "Düsseldorf II - Werden"]
[Site "?"]
[Date "2023.11.19"]
[Round "4.3"]
[White "Roth, Markus"]
[Black "Hoenig, Alexander"]
[Result "1/2-1/2"]
[WhiteElo "2192"]
[BlackElo "2177"]
[PlyCount "72"]
[EventDate "2023.??.??"]
[SourceVersionDate "2023.09.04"]

1. Nf3 Nf6 2. c4 e6 3. g3 b6 4. Bg2 Bb7 5. O-O Be7 6. Nc3 O-O 7. Re1 Ne4 8. Nxe4 Bxe4 9. d3 Bb7 10. d4 Be4 11. Bh3 Bxf3 12. exf3 d5 13. cxd5 exd5 14. Qa4 Bd6 15. b4 c6 16. b5 Qc7 17. Bd2 a6 18. bxc6 Qxc6 19. Qb3 Qb5 20. Rac1 Qxb3 21. axb3 Ra7 22. f4 Rd8 23. Bg2 Ba3 24. Rc2 Be7 25. Re5 Rad7 26. Bh3 Ra7 27. Rc8 Rxc8 28. Bxc8 Rc7 29. Bg4 Nc6 30. Rxd5 Bf6 31. Be3 g6 32. Bf3 Be7 33. f5 Nb4 34. Re5 Nd3 35. Rd5 Nb4 36. Re5 Nd3 1/2-1/2

[Event "Düsseldorf II - Werden"]
[Site "?"]
[Date "2023.11.19"]
[Round "4.4"]
[White "von Buenau, Heinrich"]
[Black "Mann, Gergely"]
[Result "1-0"]
[WhiteElo "2195"]
[BlackElo "2097"]
[PlyCount "75"]
[EventDate "2023.??.??"]
[SourceVersionDate "2023.09.04"]

1. d4 d5 2. Nf3 Nf6 3. c4 e6 4. e3 c6 5. b3 Ne4 6. Bd3 Bb4+ 7. Nbd2 Nd7 8. O-O f5 9. Bb2 Qf6 10. Qc1 O-O 11. Ba3 Bxa3 12. Qxa3 Nxd2 13. Nxd2 e5 14. cxd5 cxd5 15. Qa5 Qd6 16. Rac1 e4 17. Be2 Nb6 18. f4 Bd7 19. Rc3 Rfc8 20. Rfc1 Rxc3 21. Rxc3 Rc8 22. Rxc8+ Nxc8 23. Qd8+ Kf7 24. Nc4 Qe7 25. Ne5+ Ke6 26. Qg8+ Kd6 27. Qxh7 Kc7 28. Qg6 Nd6 29. g3 Kb8 30. Qg5 Qxg5 31. fxg5 Kc7 32. h4 Be8 33. h5 Nf7 34. Nxf7 Bxf7 35. g4 fxg4 36. Bxg4 Kd6 37. Kg2 b6 38. Kg3 1-0

[Event "Düsseldorf II - Werden"]
[Site "?"]
[Date "2023.11.19"]
[Round "4.5"]
[White "ter Steeg, Marcus"]
[Black "Klaska, Philipp Leon"]
[Result "0-1"]
[WhiteElo "1927"]
[BlackElo "2111"]
[PlyCount "88"]
[EventDate "2023.??.??"]
[SourceVersionDate "2023.09.04"]

1. d4 Nf6 2. c4 c5 3. d5 b5 4. cxb5 a6 5. b6 d6 6. Nc3 Qxb6 7. e4 g6 8. Nf3 Bg7 9. Be2 O-O 10. a4 e6 11. a5 Qc7 12. O-O exd5 13. exd5 Bg4 14. Nd2 Bxe2 15. Qxe2 Re8 16. Qd3 Nbd7 17. Nc4 Ne5 18. Nxe5 Rxe5 19. Qc4 Nd7 20. Bd2 Ree8 21. f4 Bd4+ 22. Kh1 Nf6 23. b4 Ng4 24. Rf3 Nf2+ 25. Rxf2 Bxf2 26. b5 axb5 27. Nxb5 Qd7 28. a6 Reb8 29. Ra5 Bh4 30. Nc3 Bf6 31. h3 Bg7 32. Ne4 Rb6 33. Bc3 Rb1+ 34. Kh2 Rc1 35. Qb3 Bxc3 36. Nxc3 Qf5 37. Ra4 Rxa6 38. Re4 Ra8 39. Qb7 Rf8 40. g4 Qf6 41. Ne2 Rc2 42. Kg3 Qa1 43. Re3 Qe1+ 44. Kf3 Qf1+ 0-1

[Event "Düsseldorf II - Werden"]
[Site "?"]
[Date "2023.11.19"]
[Round "4.6"]
[White "Mueller, Michael"]
[Black "Huette, Stefan"]
[Result "0-1"]
[WhiteElo "2195"]
[BlackElo "2047"]
[PlyCount "80"]
[EventDate "2023.??.??"]
[SourceVersionDate "2023.09.04"]

1. e4 e6 2. d4 d5 3. Nc3 dxe4 4. Nxe4 Bd7 5. Nf3 Bc6 6. Bd3 Nd7 7. c3 Ngf6 8. Ng3 Be7 9. O-O Bxf3 10. Qxf3 c6 11. Re1 O-O 12. a4 a5 13. Bc2 Re8 14. Bf4 Nf8 15. Rad1 Ng6 16. Bc1 Qc7 17. Nf1 Bd6 18. g3 Nf8 19. Ne3 Nd5 20. Nc4 Be7 21. Ne5 Bd6 22. h4 b5 23. h5 f6 24. Ng4 Qf7 25. Kg2 Nd7 26. h6 g6 27. Bb3 f5 28. Ne3 N7b6 29. axb5 cxb5 30. Nxd5 exd5 31. Bf4 Bxf4 32. Qxf4 Re4 33. Qd6 Nc4 34. Qc6 Rae8 35. Rf1 a4 36. Bxc4 bxc4 37. Ra1 f4 38. Rxa4 f3+ 39. Kg1 Qf5 40. Ra7 Re1 0-1

[Event "Düsseldorf II - Werden"]
[Site "?"]
[Date "2023.11.19"]
[Round "4.7"]
[White "Rehfeldt, Jens"]
[Black "Wiedenbruch, Paul"]
[Result "1/2-1/2"]
[WhiteElo "2026"]
[BlackElo "2007"]
[PlyCount "162"]
[EventDate "2023.??.??"]
[SourceVersionDate "2023.09.04"]

1. d4 Nf6 2. Nc3 d5 3. Bf4 c5 4. e3 g6 5. Nb5 Na6 6. c3 Bg7 7. a4 O-O 8. Be2 Bf5 9. g4 Bc8 10. h4 Re8 11. h5 cxd4 12. exd4 Nd7 13. hxg6 hxg6 14. Qd2 e5 15. Bh6 Bf6 16. Be3 Nc7 17. Nxc7 Qxc7 18. O-O-O Qa5 19. Qc2 e4 20. Nh3 Nf8 21. Bg5 Bg7 22. b4 Qc7 23. f3 Bd7 24. Bf4 Qc8 25. Rdg1 a6 26. Kb2 Qc6 27. Ra1 Rac8 28. Qd2 Re7 29. Nf2 e3 30. Bxe3 Rce8 31. Nd1 Rxe3 32. Nxe3 Qe6 33. Rae1 Qxe3 34. Qxe3 Rxe3 35. Bd1 Rxe1 36. Rxe1 Be6 37. Kb3 Nd7 38. a5 Kf8 39. b5 axb5 40. Kb4 Bh6 41. Be2 Ke7 42. Rb1 Kd6 43. Bxb5 Nb8 44. Rh1 Bd2 45. Rd1 Bf4 46. Rh1 Bg5 47. Rh2 Be7 48. Ka4 Kc7 49. Rh7 Nc6 50. a6 bxa6 51. Bxa6 Bg5 52. Bd3 Kd6 53. Be2 Bd2 54. Kb3 Ke7 55. Rh2 Bf4 56. Rh8 Kf6 57. Bb5 Ne7 58. Re8 Be3 59. Kc2 Nc8 60. Ba6 Nd6 61. Rb8 Kg5 62. Kd3 Bf4 63. Rd8 Kh4 64. Ke2 Kg3 65. Bd3 Nb7 66. Re8 Nd6 67. Rd8 Kg2 68. Ba6 g5 69. Bd3 Kg3 70. Ba6 Kg2 71. Bd3 Nc8 72. Bc2 Nb6 73. Bb3 Kg3 74. Rh8 Nc4 75. Rd8 Bc7 76. Rg8 Kf4 77. Ra8 Bd6 78. Ra6 Bc7 79. Ra7 Bb6 80. Ra6 Bd8 81. Ra8 Bf6 1/2-1/2

[Event "Düsseldorf II - Werden"]
[Site "?"]
[Date "2023.11.19"]
[Round "4.8"]
[White "Berndt, Axel"]
[Black "Mohnke, Martin"]
[Result "0-1"]
[WhiteElo "2142"]
[BlackElo "2014"]
[PlyCount "70"]
[EventDate "2023.??.??"]
[SourceVersionDate "2023.09.04"]

1. e4 c5 2. c3 Nf6 3. e5 Nd5 4. d4 cxd4 5. Nf3 Nc6 6. Bc4 Nb6 7. Bb3 d5 8. exd6 Qxd6 9. O-O Be6 10. Na3 dxc3 11. Qe2 Bxb3 12. Nb5 Qb8 13. axb3 g6 14. Rd1 Bg7 15. Nd6+ Kf8 16. Bf4 cxb2 17. Rab1 Kg8 18. Nxf7 Qxf4 19. N7g5 Qf5 20. Ne6 Bf6 21. Kh1 Kf7 22. Re1 Nd7 23. g4 Qa5 24. Qc4 Nde5 25. Neg5+ Kg7 26. Ne6+ Kf7 27. Neg5+ Ke8 28. Nxe5 Nxe5 29. Rxe5 Bxe5 30. Qf7+ Kd8 31. Rd1+ Bd6 32. Qg7 Kd7 33. Nf7 Qd5+ 34. Rxd5 b1=Q+ 35. Kg2 Qe4+ 0-1

[Event "Aachen II - Krefeld"]
[Site "?"]
[Date "2023.11.19"]
[Round "4.1"]
[White "Gutkin, Ilya"]
[Black "Coenen, Norbert"]
[Result "0-1"]
[WhiteElo "2300"]
[BlackElo "2251"]
[PlyCount "62"]
[EventDate "2023.??.??"]
[SourceVersionDate "2023.09.04"]

1. Nf3 d5 2. g3 Bg4 3. Bg2 Nd7 4. c4 e6 5. d4 Ngf6 6. h3 Bh5 7. cxd5 exd5 8. Ne5 c6 9. O-O Nxe5 10. dxe5 Ne4 11. Nc3 f5 12. exf6 Nxf6 13. Qb3 Qb6 14. Be3 Qxb3 15. axb3 a6 16. Na4 Bd6 17. Bc5 O-O-O 18. e3 Rhe8 19. Rfc1 Bg6 20. b4 Be5 21. Bb6 Bc7 22. Ba7 Be5 23. f4 Bd6 24. Bb6 Bxb4 25. Bxd8 Kxd8 26. Nc3 Rxe3 27. Kf2 Rd3 28. Rd1 Bc5+ 29. Kf1 Rxg3 30. Ne2 Bd3 31. Bh1 Rg1# 0-1

[Event "Aachen II - Krefeld "]
[Site "?"]
[Date "2023.11.19"]
[Round "4.2"]
[White "Ngo, Quang Thai"]
[Black "Ricken, Katharina"]
[Result "1-0"]
[WhiteElo "2080"]
[BlackElo "2178"]
[PlyCount "119"]
[EventDate "2023.??.??"]
[SourceVersionDate "2023.09.04"]

1. e4 d6 2. d4 Nf6 3. Nc3 e5 4. dxe5 dxe5 5. Qxd8+ Kxd8 6. Bc4 Ke8 7. f4 Bb4 8. Bd3 Nbd7 9. Nf3 Bd6 10. g3 c6 11. a4 Ke7 12. Bd2 Ne8 13. Nd1 f6 14. b4 Nc7 15. Ne3 g6 16. Nc4 Ne6 17. c3 Bc7 18. f5 Nd8 19. g4 Nf7 20. Ke2 g5 21. h4 h6 22. Bc2 b6 23. Be3 Ba6 24. Nfd2 Bb7 25. Bb3 Rac8 26. Rh2 Kf8 27. Rd1 Rd8 28. Kf3 Kg7 29. Nf1 Nb8 30. Ng3 Rxd1 31. Bxd1 Kf8 32. Bb3 Nd7 33. Nh5 Bc8 34. a5 gxh4 35. Rxh4 Ng5+ 36. Bxg5 hxg5 37. Rh1 Ke7 38. axb6 axb6 39. Ra1 Bb8 40. Ne3 b5 41. Be6 Rd8 42. Ke2 Nf8 43. Bxc8 Rxc8 44. Ra6 Nd7 45. Ng7 Nf8 46. c4 bxc4 47. Nxc4 Nd7 48. Ne6 Nf8 49. Nxf8 Kxf8 50. Na5 c5 51. Rxf6+ Ke7 52. Rc6 Rh8 53. bxc5 Rh4 54. Rg6 Rxg4 55. Nc6+ Kd7 56. Nxb8+ Kc7 57. Na6+ Kb7 58. Kd3 Rg3+ 59. Kc4 Re3 60. Kd5 1-0

[Event "Aachen II - Krefeld"]
[Site "?"]
[Date "2023.11.19"]
[Round "4.3"]
[White "Hopman, Pieter"]
[Black "Bodicky, Michal"]
[Result "1/2-1/2"]
[WhiteElo "2308"]
[BlackElo "2174"]
[PlyCount "31"]
[EventDate "2023.??.??"]
[SourceVersionDate "2023.09.04"]

1. d4 d5 2. c4 c6 3. Nf3 Nf6 4. e3 e6 5. Bd3 dxc4 6. Bxc4 Nbd7 7. O-O Bd6 8. Qe2 O-O 9. Nbd2 Qc7 10. Nb3 c5 11. dxc5 Nxc5 12. Nxc5 Bxc5 13. b3 b6 14. Bb2 Bb7 15. h3 Rfd8 16. Rfd1 1/2-1/2

[Event "Aachen II - Krefeld "]
[Site "?"]
[Date "2023.11.19"]
[Round "4.4"]
[White "Lamby, Philipp"]
[Black "Kabos, Tobias"]
[Result "1/2-1/2"]
[WhiteElo "2193"]
[BlackElo "2275"]
[PlyCount "25"]
[EventDate "2023.??.??"]
[SourceVersionDate "2023.09.04"]

1. e4 e6 2. d4 d5 3. Nc3 dxe4 4. Nxe4 Nd7 5. Nf3 Ngf6 6. Nxf6+ Nxf6 7. Bg5 c5 8. Bb5+ Bd7 9. Bxd7+ Qxd7 10. O-O cxd4 11. Bxf6 gxf6 12. Qxd4 Qxd4 13. Nxd4 1/2-1/2

[Event "Aachen II - Krefeld "]
[Site "?"]
[Date "2023.11.19"]
[Round "4.5"]
[White "van der Valk, Niklas"]
[Black "Huesmann, Thomas"]
[Result "0-1"]
[WhiteElo "2087"]
[BlackElo "2120"]
[PlyCount "116"]
[EventDate "2023.??.??"]
[SourceVersionDate "2023.09.04"]

1. e4 e5 2. Nf3 Nc6 3. Bb5 a6 4. Ba4 g6 5. c3 d6 6. O-O Bg7 7. h3 Nge7 8. d4 O-O 9. dxe5 Nxe5 10. Nxe5 dxe5 11. Qe2 Be6 12. Be3 b6 13. f4 exf4 14. Bxf4 b5 15. Bb3 Bxb3 16. axb3 Nc6 17. Nd2 Ne5 18. Bxe5 Bxe5 19. Nf3 Bg7 20. Rfe1 Re8 21. Rad1 Qe7 22. e5 Rad8 23. Rxd8 Qxd8 24. c4 Qb8 25. Qe4 h6 26. Qd5 Qb6+ 27. Kh1 Qe6 28. Qxe6 Rxe6 29. Ra1 c5 30. cxb5 axb5 31. Ra8+ Bf8 32. Rb8 b4 33. Kh2 Kg7 34. Rb7 g5 35. g4 Kg6 36. Kg3 Bg7 37. Rd7 Bxe5+ 38. Nxe5+ Rxe5 39. Kf2 Kf6 40. Rc7 Ke6 41. Rc6+ Kd5 42. Rxh6 c4 43. bxc4+ Kxc4 44. Rf6 Ra5 45. Rxf7 Ra2 46. Rf5 Rxb2+ 47. Kg3 Rb3+ 48. Kg2 Rd3 49. Rxg5 b3 50. Rf5 b2 51. Rf1 Kb3 52. Rb1 Kc2 53. Rxb2+ Kxb2 54. g5 Kc3 55. g6 Rd6 56. Kf3 Rxg6 57. h4 Kd4 58. h5 Rg5 0-1

[Event "Aachen II - Krefeld "]
[Site "?"]
[Date "2023.11.19"]
[Round "4.6"]
[White "Breitkopf-Lazar, Patrick-Robert"]
[Black "Knottnerus, Ivo"]
[Result "0-1"]
[WhiteElo "1741"]
[BlackElo "2114"]
[PlyCount "112"]
[EventDate "2023.??.??"]
[SourceVersionDate "2023.09.04"]

1. e4 c5 2. Nf3 e6 3. d4 cxd4 4. Nxd4 Nc6 5. Nc3 Qc7 6. Be3 a6 7. Qd2 Nf6 8. f3 Be7 9. g4 b5 10. g5 Nh5 11. O-O-O Nxd4 12. Bxd4 Bb7 13. Kb1 O-O 14. h4 b4 15. Ne2 e5 16. Be3 d5 17. Bg2 Rfd8 18. Qc1 g6 19. Rhg1 dxe4 20. fxe4 Qc4 21. Rxd8+ Rxd8 22. Bf1 Qe6 23. Ng3 Nxg3 24. Rxg3 Bxe4 25. b3 Rc8 26. Bc4 Bd5 27. Be2 Rc3 28. Bf2 Rxg3 29. Bxg3 Bc5 30. Qf1 a5 31. Qd1 Bd4 32. Bg4 Qc6 33. Be1 Qc5 34. Qd3 e4 35. Qg3 e3 36. Qb8+ Kg7 37. Qf4 a4 38. h5 gxh5 39. Bxh5 axb3 40. cxb3 Bc3 41. Bg4 Qc6 42. Bf5 Bxe1 43. Qe5+ Kf8 44. Qh8+ Ke7 45. Qe5+ Be6 46. Qf6+ Ke8 47. Qh8+ Kd7 48. Qd4+ Kc8 49. Be4 Bc3 50. Qxe3 Qd6 51. Qe2 Qe5 52. Qa6+ Kd8 53. Qd3+ Ke7 54. Bxh7 Qe1+ 55. Kc2 Qf2+ 56. Kb1 Qb2# 0-1

[Event "Aachen II - Krefeld "]
[Site "?"]
[Date "2023.11.19"]
[Round "4.7"]
[White "Van Gool, Rudi"]
[Black "Goedde, Patrick"]
[Result "1-0"]
[WhiteElo "2153"]
[BlackElo "1975"]
[PlyCount "105"]
[EventDate "2023.??.??"]
[SourceVersionDate "2023.09.04"]

1. d4 d5 2. c4 e6 3. Nc3 Nf6 4. cxd5 exd5 5. Bg5 Nbd7 6. e3 c6 7. Bd3 Be7 8. Qc2 h6 9. Bf4 Nh5 10. Nxd5 Qa5+ 11. Nc3 Nxf4 12. exf4 b5 13. Nf3 b4 14. Ne4 b3+ 15. Qd2 Bb4 16. Nc3 O-O 17. O-O bxa2 18. Bc4 Nf6 19. Rxa2 Qc7 20. Ne5 Ne4 21. Qc2 Nd6 22. Bd3 Be6 23. Ra6 Bxc3 24. Rxc6 Qe7 25. bxc3 Rfc8 26. c4 Rxc6 27. Nxc6 Qf6 28. c5 Nf5 29. Bxf5 Bxf5 30. Qxf5 Qxc6 31. Re1 g6 32. Qe4 Qxe4 33. Rxe4 a5 34. Re2 a4 35. Ra2 a3 36. Kf1 Ra4 37. d5 Ra5 38. c6 Rxd5 39. Rxa3 Rc5 40. Ra8+ Kg7 41. Rc8 Kf6 42. Ke2 Ke7 43. Rc7+ Ke6 44. g4 f5 45. g5 hxg5 46. fxg5 f4 47. h4 Kf5 48. f3 Re5+ 49. Kd2 Rd5+ 50. Kc3 Rc5+ 51. Kd4 Rxc6 52. Rf7+ Ke6 53. Rf6+ 1-0

[Event "Aachen II - Krefeld"]
[Site "?"]
[Date "2023.11.19"]
[Round "4.8"]
[White "Jablonowski, Christoph"]
[Black "Terhuven, Patrick"]
[Result "1-0"]
[WhiteElo "1988"]
[BlackElo "2144"]
[PlyCount "55"]
[EventDate "2023.??.??"]
[SourceVersionDate "2023.09.04"]

1. d4 d5 2. c4 e6 3. Nf3 Nf6 4. g3 Bb4+ 5. Bd2 Be7 6. Bg2 O-O 7. O-O c6 8. Bf4 Nbd7 9. Nc3 b6 10. Rc1 Bb7 11. cxd5 exd5 12. Ne5 Rc8 13. e4 dxe4 14. Nxe4 Nd5 15. Bd2 Nxe5 16. dxe5 Qc7 17. f4 f6 18. Nd6 Bxd6 19. Bxd5+ cxd5 20. Rxc7 Bxc7 21. Bb4 Rfe8 22. exf6 b5 23. Bc5 Bd8 24. f7+ Kxf7 25. Qh5+ g6 26. Qxh7+ Kf6 27. Bd4+ Kf5 28. Qxb7 1-0

[Event "Nienberge - Godesberg"]
[Site "?"]
[Date "2023.11.19"]
[Round "4.1"]
[White "Seger, Ruediger"]
[Black "Mikeladze, Berdia"]
[Result "1-0"]
[WhiteElo "2265"]
[BlackElo "2152"]
[PlyCount "83"]
[EventDate "2023.??.??"]
[SourceVersionDate "2023.09.04"]

1. e4 c6 2. d4 d5 3. Nd2 dxe4 4. Nxe4 Nf6 5. Nxf6+ gxf6 6. Nf3 Bg4 7. Be2 Qc7 8. c4 Nd7 9. Nh4 Bxe2 10. Qxe2 O-O-O 11. O-O e6 12. Qh5 Nb6 13. b3 Bg7 14. Nf3 f5 15. g3 Qe7 16. Bf4 Nd7 17. Rfe1 Qf8 18. Rac1 Nf6 19. Qh3 Ng4 20. Rcd1 Bf6 21. Qh5 Qg7 22. h3 Nxf2 23. Kxf2 Rhg8 24. Ne5 Qf8 25. Qxf7 Qxf7 26. Nxf7 Rxd4 27. Rxd4 Bxd4+ 28. Kf3 Kd7 29. h4 Re8 30. Rd1 c5 31. Be5 Ke7 32. Bxd4 cxd4 33. Ne5 Rd8 34. Kf4 Kf6 35. h5 Rd6 36. g4 fxg4 37. Nxg4+ Ke7 38. Ke4 Rd8 39. Rxd4 Rg8 40. Ne5 Rg1 41. Rd7+ Ke8 42. Rxh7 1-0